00365nam a2200145Ia 4500008004100000041000800041100001700049245005800066260004600124300000800170365001200178500000800190520001200198650000900210230605s2002 xx 000 0 und d aeng aAbbott/lewry aFront office procedures social skill yield management bElsevier butter worth london c2002c2002 a211 b180h20 a117 aGeneral aF.O.